Đàm thoại tiếng Hoa du lịch Kèm 2 đĩa CD

Gespeichert in:
Bibliographische Detailangaben
1. Verfasser: Nguyễn Thiện Chí
Format: Buch
Sprache:Undetermined
Veröffentlicht: Tp. Hồ Chí Minh Tổng Hợp Tp. Hồ Chí Minh 2004
Schlagworte:
Tags: Tag hinzufügen
Keine Tags, Fügen Sie den ersten Tag hinzu!
Thư viện lưu trữ: Trung tâm Học liệu Trường Đại học Cần Thơ
LEADER 00621nam a2200205Ia 4500
001 CTU_87130
008 210402s9999 xx 000 0 und d
020 |c 17000 
082 |a 495.1 
082 |b Ch300 
100 |a Nguyễn Thiện Chí 
245 0 |a Đàm thoại tiếng Hoa du lịch 
245 0 |b Kèm 2 đĩa CD 
245 0 |c Nguyễn Thiện Chí, Lâm Gia Bửu Trân 
260 |a Tp. Hồ Chí Minh 
260 |b Tổng Hợp Tp. Hồ Chí Minh 
260 |c 2004 
650 |a chinese language 
904 |i M.Loan 
980 |a Trung tâm Học liệu Trường Đại học Cần Thơ